00271nam a2200109Ia 4500008004100000100003500041245002400076260001700100650002000117942000700137999001700144190216s9999||||xx |||||||||||||| ||und|| aSahitya Pravarthaka Sangam Ltd 0aVallathole Prathiba bNbs Kottayam aEssay Malayalam cBK c25392d25392